The night it rained pancakes : adapted from a Russian folktale /

Because he wants to keep the pot of gold he found, Ivan must outwit the lord of the manor who wants the gold for himself.

Bibliographic Details
Main Author: Ginsburg, Mirra
Other Authors: Florian, Douglas
Format: Book
Language:English
Published: New York : Greenwillow Books, [1980]
Edition:1st ed.
Series:Greenwillow read-alone books
Subjects:

MARC

Tag First Indicator Second Indicator Subfields
LEADER 00000pam a2200000 i 4500
001 in00000042259
005 20151007072624.0
008 790608s1980 nyua j 00011 eng
010 |a  79016137  
020 |a 0688802419 :  |c $5.95 
020 |a 0688842410 (lib. bdg.) :  |c $5.71 
035 |a (OCoLC)05101093 
035 |9 AAE8244AM 
040 |a DLC  |c DLC  |d TXA  |d UtOrBLW 
049 |a [Curr Col] TXAM  |c [1160301] 
050 0 0 |a PZ8.1.G455  |b Ni 
082 0 |a 398.2/1/0947  |a E 
100 1 |a Ginsburg, Mirra. 
245 1 4 |a The night it rained pancakes :  |b adapted from a Russian folktale /  |c Mirra Ginsburg ; pictures by Douglas Florian. 
250 |a 1st ed. 
264 1 |a New York :  |b Greenwillow Books,  |c [1980] 
264 4 |c ©1980 
300 |a 55 pages :  |b color illustrations ;  |c 22 cm. 
336 |a text  |b txt  |2 rdacontent 
337 |a unmediated  |b n  |2 rdamedia 
338 |a volume  |b nc  |2 rdacarrier 
490 0 |a Greenwillow read-alone books 
520 |a Because he wants to keep the pot of gold he found, Ivan must outwit the lord of the manor who wants the gold for himself. 
650 1 |a Folklore  |z Russia. 
700 1 |a Florian, Douglas. 
999 |a MARS 
999 f f |s bb1c4a3b-d5e2-3e3f-a5c5-d9e8d52e1aca  |i 7ee11869-96cf-3043-8d54-eac5aa8afa38  |t 0 
952 f f |p ric  |a Texas A&M University  |b Rellis Campus  |c Joint Library Facility  |d Remote Storage  |t 0  |e PZ8.1.G455 Ni  |h Library of Congress classification  |i unmediated -- volume  |m A14800245403 
998 f f |a PZ8.1.G455 Ni  |t 0  |l Remote Storage